Library Banner

An introduction to theories of learning (Record no. 7144)

MARC details
000 -LEADER
fixed length control field 00506nam a2200181Ia 4500
001 - CONTROL NUMBER
control field 5927
008 - FIXED-LENGTH DATA ELEMENTS--GENERAL INFORMATION
fixed length control field 140319s9999 xx 000 0 und d
020 ## - INTERNATIONAL STANDARD BOOK NUMBER
International Standard Book Number 0-13-263104-0
040 ## - CATALOGING SOURCE
Transcribing agency PK-LaUMT
082 ## - DEWEY DECIMAL CLASSIFICATION NUMBER
Classification number 153.15
Item number HER-I
100 ## - MAIN ENTRY--PERSONAL NAME
Personal name Hergenhahn, B. R.
245 #3 - TITLE STATEMENT
Title An introduction to theories of learning
Statement of responsibility, etc Hergenhahn, B. R.<>Olson, Mathew H., Jt. Auth.
260 ## - PUBLICATION, DISTRIBUTION, ETC. (IMPRINT)
Place of publication, distribution, etc New Jersey,USA:
Name of publisher, distributor, etc Prentice-Hall,
Date of publication, distribution, etc 1997
300 ## - PHYSICAL DESCRIPTION
Extent 502 p.
546 ## - LANGUAGE NOTE
Language note EN
700 ## - ADDED ENTRY--PERSONAL NAME
Personal name Olson, Mathew H., Jt. Auth.
942 ## - ADDED ENTRY ELEMENTS (KOHA)
Koha item type Books
Holdings
Withdrawn status Lost status Damaged status Not for loan Home library Current library Date acquired Total Checkouts Full call number Barcode Date last seen Date checked out Price effective from Koha item type
        UMT Main Campus UMT Main Campus 2014-03-19 1 153.15 HER-I 6187 2023-01-20 2023-01-14 2014-03-19 Books